LEADER 01097nam a2200217 4500 001 000000356917 003 CaOOAMICUS 005 20240125151521.0 008 240125s1941 it a 000 u ita r 040 $aSeMil$bita 100 1 $aBartesaghi, Luigi.$0(OLS)http://semarc/name/117504 245 13$aLo studio dei percorsi interni e del collegamento degli edifici in un progetto di un ospedale in Altipiano /$cProf. Arch. Luigi Bartesaghi. 264 1$aMilano :$bAntonio Cordani,$c1941. 300 $a35 p. :$bill. ;$c25 cm 500 $aEstratto da: L'Ospedale Maggiore, Rivista mensile illustrata anno 29.- 1941,19. 850 $aSeMil 852 $aSeMil$W1$xVenegono$y1$m5C IV 8/7$j245601$B248109$CSeMilBibl$Z2$F248109 $81 961 $aCon dedica autografa (di Luigi Bartesaghi) al Card. Alfredo Ildefonso Schuster (1 febbraio 1948) 996 $6245$aLo studio dei percorsi interni e del collegamento degli edifici in un progetto di un ospedale in Altipiano$9(OLS)http://semarc/title/447138 996 $6264$aMilano :$bAntonio Cordani$9(OLS)http://semarc/publisher/41197 LEADER 01101nam a2200253 i 4500 001 000000164985 003 CaOOAMICUS 005 20240524104824.0 008 071004s1985 it u000 u ita u 020 $a88-06-58982-2 040 $aSeMil$bita 100 1 $aTessa, Delio,$d<1886-1939>.$0(OLS)http://semarc/name/45429 245 12$aL'è el dì di Mort, alegher! ; De là del mur :$be altre liriche /$cDelio Tessa ; a cura di Dante Isella. 264 1$aTorino :$bEinaudi,$c1985. 300 $aXXX, 585, [1] c. di ritr. ;$c23 cm. 650 4$aPoesia dialettale - Milano.$0(OLS)http://semarc/subject/1291 700 1 $aIsella, Dante ,$d<1922-2007>.$0(OLS)http://semarc/name/1198 850 $aSeMil 852 $aSeMil$W1$xVenegono$y1$m1B V 202$j248459$B116184$CSeMilBibl$Z2$F127052 $81 961 $aRecupero: Altro 996 $6020$a88-06-58982-2$9(OLS)http://semarc/number/89050 996 $6245$aL'è el dì di Mort, alegher! ; De là del mur :$be altre liriche$9(OLS)http://semarc/title/156781 996 $6264$aTorino :$bEinaudi$9(OLS)http://semarc/publisher/29884